000 01839nam a2200241 a 4500
003 MX-MxUPN
005 20260508155526.0
007 cr |||aaaaaaa|
008 260508s2020 mx|o||||o ||| 000 0 spa d
040 _aMX-MxUPN
_bspa
_eaacr2
041 0 _aspa
245 1 0 _aTiempos, espacios y lugares sobre la discapacidad :
_bensayos, testimonios e investigaciones
_h[recurso electrónico en línea]
250 _aPrimera edición
260 _aCuernavaca, Morelos, México :
_bUniversidad Autónoma del Estado de Morelos,
_c2020.
300 _a1 recurso en línea (213 páginas)
_bfotografías, PDF
505 _tLa cultura de la discapacidad: La conformación de un proyecto democrático /
_rGustavo Adolfo Enríquez Gutiérrez.--
_tCorporeidad, lengua y educación. El caso de las comunidades sordas /
_rJohan Cristian Cruz-Cruz.--
_tEl joven con condición de autismo ante la educación superior y la elección profesional /
_rEréndira Cuevas Arellano y María Elena Anguiano Suárez.--
_tLos fallos de la Corte en dos temas sobre discapacidad: la Ley de Autismo y la educación especial en la Ley General de Educación /
_rIsrael Tonatiuh Lay Arellano.--
_tDe la integración a la inclusión educativa: Tiempos de transición en educación especial /
_rMarisol Arroyo Cruz.--
_tLa infancia con discapacidad, de la subvaloración de sus cuerpos a otro modo de ser /
_rCecilia Martínez Díaz.--
_tReflexiones sobre la accesibilidad y la inclusión educativa y cultural de las personas con discapacidad en Los Altos de Jalisco /
_rCasimiro Arellano Cruz.--
506 0 _aAcceso abierto
700 1 _aEnríquez Gutiérrez, Gustavo Adolfo
_954437
_ecoordinación
700 1 _aLay Arellano, Israel Tonatiuh
_959476
_ecoordinación
700 1 _aPérez Álvarez, Luis
_948983
_ecoordinación
902 _aJohanaAllegre/080526
942 _2lcc
_cLIBRO-E
999 _c215056
_d215056